000 00810cam a22002412 4500
001 0000003065
005 20151021151059.0
008 070426s xx 000 0 eng d
020 _a9966963170 :
040 _aKABU
_cKABU
050 0 _aHG5843
_b.A6N35K56
100 1 _aKimura, Joseph H.
_@0000152675
245 1 0 _aImpediments to the growth of the Nairobi Stock Exchange /
_cJoseph H. Kimura and Yobesh Amoro.
260 _aNairobi :
_bIPR,
_c1999.
300 _a24 p.
650 0 _aStock exchange
_zKenya
_zNairobi.
_@0000152676
651 0 _aKenya
_xEconomic conditions.
_@0000148722
700 1 _aAmoro, Yobesh.
_@0000152677
908 _a070426
950 _@1
999 _c463
_d463